Η μηχανή του νου

Αποθηκεύτηκε σε:
Λεπτομέρειες βιβλιογραφικής εγγραφής
Κύριος συγγραφέας: Blakemore, Colin
Άλλοι συγγραφείς: Μπερλής, Άρης (Μεταφραστής), Κούβελας, Ηλίας (Επιμελητής έκδοσης)
Μορφή: Βιβλίο
Γλώσσα:Greek
English
Δημοσίευση: Ηράκλειο : Πανεπιστημιακές Εκδόσεις Κρήτης, 1997.
Έκδοση:2η εκδ.
Σειρά:Επιστήμη και ανθρώπινος πολιτισμός
Θέματα:
Ετικέτες: Προσθήκη ετικέτας
Δεν υπάρχουν, Καταχωρήστε ετικέτα πρώτοι!

MARC

LEADER 00000cam a2200000 i 4500
001 1/89558
008 980407s1997 gr | ||| |||| ||gre||
020 |a 9605240181 
035 |a 1998  |b 1  |c ΚΠΣ/Νηπιαγωγών  |l 10035778 
040 |a GR-MyUA  |b gre  |e AACR2 
041 1 |a gre  |h eng 
082 0 |a 612.82 
100 1 |a Blakemore, Colin. 
245 1 2 |a Η μηχανή του νου /   |c Colin Blakemore ; μετάφραση Αρης Μπερλής ; επιστημονική επιμέλεια Ηλίας Κούβελας.  
250 |a 2η εκδ.  
260 |a Ηράκλειο :   |b Πανεπιστημιακές Εκδόσεις Κρήτης,   |c 1997.  
300 |a 344 σ.  
490 1 |a (Επιστήμη και ανθρώπινος πολιτισμός)  
500 |a Τίτλος πρωτοτύπου: The mind machine.  
650 0 0 |a Brain. 
650 0 0 |a Psychophysiology  |x Philosophy. 
650 0 0 |a Neuropsychology. 
650 0 0 |a Speeches, addresses, etc. 
700 1 |a Μπερλής, Άρης,  |e trl 
700 1 |a Κούβελας, Ηλίας,  |e edt 
830 0 |a Επιστήμη και ανθρώπινος πολιτισμός 
852 |a INST  |b RHODES  |e 19980407  |h 612.82 BLA  |p 005400010735  |q 005400010735  |t BK  |y 0 
901 |a BIBL-1998-1 
909 |a Ρ  |b 053756